000 00348nam a2200145 i 4500
001 bg
100 1 _aCOLLINGS, E. W.
245 0 _aFiziceskoe metallovedenie titanovych splavov /
_cE.V.Kollingz.
260 _aMoskva,
_c1988.
040 _cBPK
041 _apol
080 _a669.2/.8
942 _cKS
008 s pl f |000 0 pol
999 _c28659
_d28659
856 _uhttp://koha.tu.koszalin.pl/cgi-bin/koha/opac-detail.pl?biblionumber=28659
_yKatalog online BPK